Statistiques concernant Les plus grandes villes d'Inde

Cliquez ici pour prendre le quiz!

Statistiques générales

  • Ce quiz a été pris 145 fois
    (101 depuis la dernière actualisation)
  • Le résultat moyen est 9 sur 20

Statistiques - réponses

Nombre d'habitantsVilles% Correct
26 454 086Delhi
100%
24 337 933Bombay
98%
16 681 589Calcutta
95%
14 731 106Hyderabad
76%
13 180 744Bangalore
74%
8 067 743Ahmedabad
65%
3 210 570Jaipur
63%
6 226 959Pune
45%
6 635 001Surate
44%
12 906 602Madras
37%
3 089 651Lucknow
32%
2 607 981Nagpur
31%
2 167 447Indore
29%
3 627 313Kanpur
26%
2 151 466Coimbatore
23%
2 117 990Cochin
21%
1 883 381Bhopal
19%
2 803 131Patna
16%
2 086 194Meerut
3%
2 030 519Kozhikode
2%

Distribution des résultats

Percentile par nombre de réponses

% des personnes avec chaque résultat

Votre développement - résultats

Vous n’avez pas pris ce quiz depuis la dernière actualisation